[Event "Medellin Sub zt 2.3.2"]
[Site "Medellin"]
[Date "2025.04.17"]
[Round "6"]
[White "Munoz Galvez, Jhon Edison"]
[Black "Hurtado Sarmiento, Juan Sebastian"]
[Result "1-0"]
[WhiteElo "2255"]
[BlackElo "1981"]
[PlyCount "75"]
[EventDate "2025.04.14"]
[EventType "swiss"]
[EventRounds "9"]
[EventCountry "COL"]
[SourceTitle "CB18_2025"]
[SourceDate "2025.04.30"]
[SourceVersion "1"]
[SourceVersionDate "2025.04.30"]
[SourceQuality "1"]

1. d4 Nf6 2. c4 g6 3. Nf3 Bg7 4. g3 c6 5. Bg2 0-0 6. 0-0 d5 7. Qb3 Qb6 8. Nc3 Rd8 9. c5 Qa6 10. Bf4 Nbd7 11. Qc2 Re8 12. b4 Nh5 13. b5 Qa3 14. Bd2 Qa5 15. bxc6 bxc6 16. Nxd5 Qd8 17. Nb4 Bb7 18. Rab1 a5 19. Nd3 Ba6 20. Rfc1 Qc7 21. e3 a4 22. Nb2 Bb5 23. Nc4 Red8 24. Na3 Ba6 25. Rb4 e5 26. Rxa4 Bd3 27. Qb3 Rxa4 28. Qxa4 Rb8 29. Nc4 exd4 30. exd4 Be4 31. Nd6 Bd5 32. Ng5 Rb2 33. Bxd5 cxd5 34. Bc3 Re2 35. Qa8+ Bf8 36. Qxd5 Ndf6 37. Qxf7+ Qxf7 38. Ngxf7 1-0

[Event "Manizales op 30th"]
[Site "Manizales"]
[Date "2025.01.09"]
[Round "3"]
[White "Valencia Gantiva, Cristian"]
[Black "Munoz Galvez, Jhon Edison"]
[Result "0-1"]
[WhiteElo "1956"]
[BlackElo "2244"]
[PlyCount "82"]
[EventDate "2025.01.08"]
[EventType "tourn"]
[EventRounds "7"]
[EventCountry "COL"]
[SourceTitle "CB03_2025"]
[SourceDate "2025.01.15"]
[SourceVersion "1"]
[SourceVersionDate "2025.01.15"]
[SourceQuality "1"]

1. e4 c5 2. Nf3 d6 3. d4 cxd4 4. Nxd4 Nf6 5. Nc3 a6 6. Bc4 e6 7. Bb3 Nbd7 8. g4 Nc5 9. Qe2 h6 10. f3 Qc7 11. Be3 b5 12. h4 b4 13. Na4 Bd7 14. Qc4 Ra7 15. Qxb4 Rb7 16. Qa3 Nxa4 17. Bxa4 Qa5+ 18. Bd2 Qxa4 19. Qc3 e5 20. Nb3 Be7 21. 0-0-0 0-0 22. g5 Nh5 23. Kb1 Rc8 24. Qe3 g6 25. Rh2 Be6 26. Bc1 Kh7 27. Qf2 Rbc7 28. Qe1 Qb5 29. Rg2 Rc4 30. Rh2 Ra4 31. Qe3 a5 32. Qa7 Bf8 33. Rg2 Qc6 34. Rdg1 Ra8 35. Qe3 Rxa2 36. Kxa2 a4 37. Kb1 axb3 38. cxb3 Qb5 39. Bd2 Bxb3 40. Bc3 Nf4 41. Rh2 Nd3 0-1

[Event "Dosquebradas Fiestas del Progreso"]
[Site "Dosquebradas"]
[Date "2024.12.07"]
[Round "7"]
[White "Bustamante Herrera, Mateo"]
[Black "Munoz Galvez, Jhon Edison"]
[Result "0-1"]
[WhiteElo "1809"]
[BlackElo "2252"]
[PlyCount "82"]
[EventDate "2024.12.04"]
[EventType "swiss"]
[EventRounds "9"]
[EventCountry "COL"]
[SourceTitle "CB50_2024"]
[SourceDate "2024.11.01"]
[SourceVersion "1"]
[SourceVersionDate "2024.11.01"]
[SourceQuality "2"]

1. e4 c5 2. Nf3 e6 3. d4 cxd4 4. Nxd4 a6 5. a3 Nf6 6. Nc3 Qc7 7. Be2 b5 8. 0-0 Bb7 9. Qd3 Be7 10. f4 d6 11. Bf3 Nbd7 12. Nb3 Rc8 13. Be3 0-0 14. Rad1 Nb6 15. Bxb6 Qxb6+ 16. Qd4 Qxd4+ 17. Rxd4 e5 18. fxe5 dxe5 19. Rd3 b4 20. axb4 Bxb4 21. Re1 h5 22. Re2 Bxc3 23. bxc3 Bc6 24. Red2 Bxe4 25. Bxe4 Nxe4 26. Re2 Rc4 27. Nd2 Nxd2 28. Rdxd2 f6 29. Rd6 Ra8 30. Re3 a5 31. Rd7 a4 32. Rg3 Rg4 33. Rgd3 h4 34. h3 Rg3 35. Rd8+ Rxd8 36. Rd6 Rd7 37. Rxd7 a3 38. c4 Rc3 39. c5 Rxc5 40. Ra7 e4 41. Re7 f5 0-1

[Event "Medellin Raza Antioquia"]
[Site "Medellin"]
[Date "2024.10.10"]
[Round "1"]
[White "Cano Alcaraz, Juan Jose"]
[Black "Munoz Galvez, Jhon Edison"]
[Result "0-1"]
[WhiteElo "1949"]
[BlackElo "2280"]
[PlyCount "84"]
[EventDate "2024.10.10"]
[EventType "swiss"]
[EventRounds "9"]
[EventCountry "COL"]
[SourceTitle "CB43_2024"]
[Source "Chessbase"]
[SourceDate "2024.10.23"]
[SourceVersion "1"]
[SourceVersionDate "2024.10.23"]
[SourceQuality "1"]

1. e4 e5 2. Nf3 Nc6 3. Bb5 Nf6 4. d3 d6 5. c3 Bd7 6. 0-0 a6 7. Ba4 g6 8. Nbd2 Bg7 9. Re1 0-0 10. Nf1 Qe8 11. h3 Kh8 12. N3h2 Nh5 13. g4 Nf6 14. Ng3 Nd8 15. Bxd7 Qxd7 16. f4 exf4 17. Bxf4 Ne6 18. Be3 c5 19. Qd2 Ng8 20. d4 cxd4 21. cxd4 d5 22. e5 f6 23. exf6 Nxf6 24. g5 Qd6 25. Qg2 Nh5 26. Nxh5 gxh5 27. Nf3 Rae8 28. Rad1 Nf4 29. Qh2 Re4 30. Ne5 Bxe5 31. dxe5 Qxe5 32. Bd2 Rxe1+ 33. Rxe1 Qxg5+ 34. Kh1 d4 35. Qf2 Qd5+ 36. Kh2 Ng6 37. Qg2 Qd6+ 38. Kh1 Nh4 39. Qe2 Qd5+ 40. Qe4 Rf1+ 41. Kh2 Nf3+ 42. Kg3 h4+ 0-1

[Event "Cali Olympiad Qual"]
[Site "Cali"]
[Date "2024.04.19"]
[Round "7"]
[White "Cordoba Roa, Angel Gabriel"]
[Black "Munoz Galvez, Jhon Edison"]
[Result "1-0"]
[WhiteElo "2311"]
[BlackElo "2320"]
[PlyCount "87"]
[EventDate "2024.04.16"]
[EventType "tourn"]
[EventRounds "11"]
[EventCountry "COL"]
[EventCategory "4"]
[SourceTitle "CBM 220 Extra"]
[Source "ChessBase"]
[SourceDate "2024.07.31"]
[SourceVersion "1"]
[SourceVersionDate "2024.07.31"]
[SourceQuality "1"]

1. e4 e6 2. d4 d5 3. e5 c5 4. c3 Nc6 5. Nf3 Bd7 6. Be2 Qb6 7. 0-0 Nh6 8. dxc5 Bxc5 9. b4 Bf8 10. b5 Ne7 11. a4 Nef5 12. Nbd2 Bc5 13. Nb3 Be7 14. c4 dxc4 15. Nbd2 c3 16. Nc4 Qc7 17. Ra3 Bb4 18. Qb3 Qc5 19. Nd6+ Nxd6 20. Be3 Bxa3 21. Bxc5 Bxc5 22. exd6 Rc8 23. Rc1 Nf5 24. Rxc3 Nxd6 25. Bd3 Ke7 26. Qb2 f6 27. Rc2 h6 28. g3 g5 29. h3 Rhd8 30. Bg6 Bb6 31. Kg2 Rxc2 32. Bxc2 Rc8 33. Bb3 Ne4 34. Qb1 f5 35. Qb2 Rc3 36. Bc2 Ba5 37. Bxe4 fxe4 38. Nd2 e3 39. fxe3 Be8 40. Ne4 Rc4 41. Qf6+ Kd7 42. Qg7+ Kd8 43. Nd6 Rc2+ 44. Kf3 1-0

[Event "Titled Tuesday intern op 23rd Jan Early"]
[Site "Chess.com INT"]
[Date "2024.01.23"]
[Round "10"]
[White "Munoz Galvez, Jhon Edison"]
[Black "Valgmae, Toomas"]
[Result "1-0"]
[WhiteElo "2297"]
[BlackElo "2270"]
[PlyCount "69"]
[EventDate "2024.01.23"]
[EventType "swiss (blitz)"]
[EventRounds "11"]
[EventCountry "USA"]
[SourceTitle "EXT 2025"]
[Source "ChessBase"]
[SourceDate "2024.10.14"]
[SourceVersion "1"]
[SourceVersionDate "2024.10.14"]
[SourceQuality "1"]

1. c4 c6 2. Nf3 d5 3. d4 Nf6 4. Nc3 dxc4 5. a4 Bf5 6. e3 e6 7. Bxc4 Bb4 8. 0-0 0-0 9. h3 c5 10. Qe2 Nc6 11. Rd1 Qa5 12. d5 exd5 13. Nxd5 Nxd5 14. Bxd5 Rad8 15. e4 Bg6 16. Bg5 Rc8 17. b3 Bc3 18. Rac1 Nd4 19. Nxd4 Bxd4 20. Be3 Bxe3 21. Qxe3 b6 22. f4 h6 23. f5 Bh7 24. f6 c4 25. Qg3 Qc5+ 26. Kh1 g6 27. Rxc4 Qa3 28. e5 Qb2 29. Rxc8 Rxc8 30. Qe3 g5 31. Bc4 Qc2 32. Rd7 Bg6 33. e6 Qf5 34. exf7+ Kh8 35. Qd4 1-0

[Event "Titled Tuesday intern op 02nd Jan Early"]
[Site "Chess.com INT"]
[Date "2024.01.02"]
[Round "4"]
[White "Movahed, Sina"]
[Black "Munoz Galvez, Jhon Edison"]
[Result "1-0"]
[WhiteElo "2450"]
[BlackElo "2297"]
[PlyCount "53"]
[EventDate "2024.01.02"]
[EventType "swiss (blitz)"]
[EventRounds "11"]
[EventCountry "USA"]
[SourceTitle "EXT 2025"]
[Source "ChessBase"]
[SourceDate "2024.10.14"]
[SourceVersion "1"]
[SourceVersionDate "2024.10.14"]
[SourceQuality "1"]

1. Nf3 Nf6 2. c4 c5 3. Nc3 g6 4. e4 Nc6 5. d4 cxd4 6. Nxd4 Bg7 7. Be3 0-0 8. Be2 d6 9. 0-0 Bd7 10. Nc2 Rc8 11. Rc1 Ne5 12. Na3 Qa5 13. Nd5 Nxd5 14. exd5 Ba4 15. b3 Be8 16. Nc2 Qxa2 17. Ra1 Qxb3 18. Ra3 Qb2 19. Bd4 Nf3+ 20. Rxf3 Bxd4 21. Nxd4 Qb6 22. Qd2 a6 23. Rb3 Qc7 24. Qh6 Bd7 25. g4 f6 26. Ne6 Bxe6 27. dxe6 1-0

[Event "Titled Tuesday intern op 02nd Jan Early"]
[Site "Chess.com INT"]
[Date "2024.01.02"]
[Round "10"]
[White "Munoz Galvez, Jhon Edison"]
[Black "Gomez Falagan, Daniel"]
[Result "1-0"]
[WhiteElo "2297"]
[BlackElo "2321"]
[PlyCount "67"]
[EventDate "2024.01.02"]
[EventType "swiss (blitz)"]
[EventRounds "11"]
[EventCountry "USA"]
[SourceTitle "EXT 2025"]
[Source "ChessBase"]
[SourceDate "2024.10.14"]
[SourceVersion "1"]
[SourceVersionDate "2024.10.14"]
[SourceQuality "1"]

1. d4 Nf6 2. c4 c5 3. d5 b5 4. cxb5 a6 5. b6 d6 6. Nc3 Nbd7 7. Nf3 g6 8. g3 Bg7 9. Bg2 0-0 10. 0-0 Qxb6 11. h3 a5 12. Qc2 Ba6 13. Rd1 Rfb8 14. Rb1 Ne8 15. Bd2 Nc7 16. Na4 Qb5 17. e4 Qd3 18. Qc1 Qxe4 19. b3 Qxd5 20. Bxa5 Qb7 21. Ne5 Qc8 22. Nc6 Kf8 23. Bc3 Nf6 24. Qe3 Ncd5 25. Rxd5 Nxd5 26. Bxd5 e6 27. Bg2 Rb7 28. Bxg7+ Kxg7 29. Qc3+ Kg8 30. Nb6 Qf8 31. Nxa8 Qxa8 32. Rd1 d5 33. Qxc5 Rc7 34. Ne7+ 1-0

[Event "Titled Tuesday intern op 02nd Jan Early"]
[Site "Chess.com INT"]
[Date "2024.01.02"]
[Round "7"]
[White "Spichkin, Alexander"]
[Black "Munoz Galvez, Jhon Edison"]
[Result "1-0"]
[WhiteElo "2035"]
[BlackElo "2297"]
[PlyCount "87"]
[EventDate "2024.01.02"]
[EventType "swiss (blitz)"]
[EventRounds "11"]
[EventCountry "USA"]
[SourceTitle "EXT 2025"]
[Source "ChessBase"]
[SourceDate "2024.10.14"]
[SourceVersion "1"]
[SourceVersionDate "2024.10.14"]
[SourceQuality "1"]

1. f4 d5 2. Nf3 c5 3. e3 a6 4. b3 Nc6 5. Bb2 Nf6 6. Be2 g6 7. 0-0 Bg7 8. Qe1 0-0 9. Qh4 d4 10. Na3 b5 11. Ne5 Bb7 12. Bf3 Rc8 13. Rad1 Qd6 14. Nd3 Nd8 15. Rde1 c4 16. Ne5 Bxf3 17. Rxf3 c3 18. dxc3 dxe3 19. Rfxe3 Ne6 20. Rd3 Qb6+ 21. Kh1 Rfd8 22. c4 Ne4 23. Rxe4 b4 24. Nb1 f6 25. Nf3 Nc5 26. Bd4 Qc6 27. Rxe7 Nxd3 28. cxd3 Re8 29. Rxe8+ Rxe8 30. Nbd2 Re2 31. Ne4 Rxa2 32. h3 Ra3 33. Nxf6+ Bxf6 34. Bxf6 Rxb3 35. d4 Rxf3 36. gxf3 Qxf3+ 37. Kg1 b3 38. d5 Qd1+ 39. Kg2 Qc2+ 40. Qf2 Qxf2+ 41. Kxf2 Kf7 42. Bb2 a5 43. Ke3 a4 44. Kd4 1-0